Better pensions: proposals for a new pensions scheme (Record no. 500132)

000 -LEADER
fixed length control field 00290cam a22000977a 4500
008 - FIXED-LENGTH DATA ELEMENTS--GENERAL INFORMATION
fixed length control field 180718b1974 xxu||||| |||| 00| 0 eng d
082 ## - DEWEY DECIMAL CLASSIFICATION NUMBER
Classification number K85x42 Un3b
245 ## - TITLE STATEMENT
Title Better pensions: proposals for a new pensions scheme
260 ## - PUBLICATION, DISTRIBUTION, ETC.
Place of publication, distribution, etc. London
Name of publisher, distributor, etc. Her Majesty's Stationery Office
Date of publication, distribution, etc. 1974
300 ## - PHYSICAL DESCRIPTION
Extent 29+p.
Holdings
Withdrawn status Lost status Damaged status Not for loan Permanent Location Current Location Date acquired Full call number Barcode Date last seen Price effective from Koha item type
        Indian Institute of Public Administration Indian Institute of Public Administration 2018-08-04 K85x42 Un3b G12740 2018-08-04 2018-08-04 G

Powered by Koha